Teritoriálna a komoditná štruktúra zahraničného obchodu Slovenskej republiky s agrokomoditami bakalárska práca

Saved in:
Bibliographic Details
Main Author: Vrťová, Katarína
Corporate Author: Obchodná fakulta EU. Katedra medzinárodného obchodu
Other Authors: Obedová, Martina
Format: Book
Language:Slovak
Published: Bratislava 2009
Tags: Add Tag
No Tags, Be the first to tag this record!

MARC

LEADER 00000nam$a2200000$$$4500
001 0104331
005 20240318133905.4
041 0 |a slo 
044 |a SK 
245 1 0 |a Teritoriálna a komoditná štruktúra zahraničného obchodu Slovenskej republiky s agrokomoditami  |b bakalárska práca  |c Katarína Vrťová ; škol. Martina Obedová 
264 1 |a Bratislava  |c 2009 
300 |a 61 s. 
100 1 |a Vrťová, Katarína 
700 1 |a Obedová, Martina 
710 2 |a Obchodná fakulta EU. Katedra medzinárodného obchodu